Wings of fire Trivia (Books 1-8) - Statistics

General Stats
  • This quiz has been taken 234 times
  • The average score is 18 of 28
Answer Stats
Hint Answer % Correct
In book 1, which two prophecy dragonets go in the river to escape in order to save Glory from their guardians? Clay and Tsunami
100%
In book 2, Tsunami learns that Gill, the Seawing that she fought in Scarlet's arena, was related to her. Gill was Tsunami's ______? Dad
84%
In book 3, while Glory was trapped by the Nightwings, a young Rainwing dragonet comes to visit Glory in her cell. What is the name of this young dragonet? Kinkajou
78%
In book 3, Glory discovers about two of her family members. Name one of them. Jambu / Grandeur
77%
In book 2, Tsunami starts learning aquatic with a teacher assigned by Queen Coral (answer of the above). However, the lessons are unsuccessful. What other dragon teaches her aquatic instead? Riptide
76%
In book 2, Tsunami's sister, Anemone, kills a dragon. What was his name? Whirlpool
73%
In book 1, on what item is Glory attached to when Scarlet captures the prophecy dragonets? A tree
72%
In book 4, Starflight tells the dragon he loves about his love destined to her. Who does Starflight love before meeting Fatespeaker? Sunny
72%
What is the name of the backup prophecy Skywing? Flame
70%
What is the name of the backup prophecy Nightwing? Fatespeaker
69%
In book 5, two of the Sandwing princesses participating in the war of Sandwing succession die. What is the name of the third one who did not die? Blaze
68%
In book 6, Moon joins the Jade mountain academy school organized by the prophecy dragonets. The school is organized in Winglets. In what Winglet is Moon placed in? Jade Winglet
67%
What is the name of the backup prophecy Sandwing? Viper
66%
In book 1, who is Clay's first matchup in Scarlet's arena? Fjord
64%
In book 4, Starflight meets his dad. What is his name? Mastermind
64%
In book 8, Peril discovers Turtle is an ______. Animus
63%
In book 5, Sunny finds her mother, Thorn. The moment Sunny finds her mom, Thorn is the leader of the _________. Outclaws
61%
In book 8, an infamous enemy of the prophecy dragonets dies. What is her name? Queen Scarlet
59%
What is the name of the backup prophecy Seawing? Squid
59%
In book 6, which dragon works with Scarlet? Icicle
57%
In book 6, who started the fire in the History cave? Sora
57%
In the beginning of book 5, Sunny gets captured by three Nightwings. Name one of the two who are in a couple. Strongwings / Fierceteeth
57%
In book 7, who does Winter save from Queen Scarlet? Hailstorm
56%
What is the name of the backup prophecy Mudwing? Ochre
55%
In book 7, after the Diamond Trial, Winter helps a Nightwing escape the prison Queen Diamond set for the Nightwing many generations ago. What is the name of the ancient Nightwing Winter helps escape? Foeslayer
51%
In book 3, during the royal challenge, there is a challenge where one of the five Rainwing queens goes against Jambu in a race in the treetops. She uses her sloths to cheat in the race. Which Rainwing queen cheated against Jambu in the royal challenge? Exquisite
45%
In book 8, Queen Ruby turns out to be another dragon under Soar's enchantments. Who is the dragon under Soar's enchantments? Tourmaline
40%
In book 7, where do Winter, Moon, Qibli and Kinkajou go to find help for Kinkajou? Possibility
39%
No matching quizzes found
Score Distribution
Percent of People with Each Score
Percentile by Number Answered
Your Score History
You have not taken this quiz